Finanční aspekty čtyř regionálních krizí 90. let
Svetová ekonomika a regionálna kríza 90. rokov, špecifické finančné charakteristiky. Znehodnotenie hlavných ázijských mien koncom roku 1997. Súkromné kapitálové toky v predkrízových a pokrízových rokoch vo vybraných krajinách. Všeobecné aspekty finančných a investičných otrasov v dobe regionálnych k...
Gespeichert in:
| 1. Verfasser: | |
|---|---|
| Weitere Verfasser: | |
| Format: | Buchkapitel |
| Sprache: | Tschechisch |
| Schlagworte: | |
| Tags: |
Keine Tags, Fügen Sie das erste Tag hinzu!
|
MARC
| LEADER | 00000naa a2200000 4500 | ||
|---|---|---|---|
| 001 | r042097 | ||
| 005 | 20231002111326.6 | ||
| 041 | 0 | |a cze | |
| 044 | |a CZ | ||
| 245 | 1 | 0 | |a Finanční aspekty čtyř regionálních krizí 90. let |c Jiří Fárek, Jaroslav Foltýn |
| 520 | |a Svetová ekonomika a regionálna kríza 90. rokov, špecifické finančné charakteristiky. Znehodnotenie hlavných ázijských mien koncom roku 1997. Súkromné kapitálové toky v predkrízových a pokrízových rokoch vo vybraných krajinách. Všeobecné aspekty finančných a investičných otrasov v dobe regionálnych kríz. Implikácia regionálnych kríz pre súčasné a perspektívne vývojové trendy tranzitívnych ekonomík. Vonkajšie financovanie nových trhov Európy. Prognóza dlhovej služby Ruskej federácie po roku 2000. | ||
| 610 | 2 | 0 | |a kríza finančná |
| 610 | 2 | 0 | |a cykly hospodárske |
| 610 | 2 | 0 | |a hospodárstvo svetové |
| 610 | 2 | 0 | |a vývoj regionálny |
| 610 | 2 | 0 | |a Mexiko |
| 610 | 2 | 0 | |a Rusko |
| 610 | 2 | 0 | |a Ázia |
| 610 | 2 | 0 | |a Brazília |
| 610 | 2 | 0 | |a SVE |
| 610 | 2 | 0 | |a dlhy |
| 100 | 1 | |a Fárek, Jiří | |
| 700 | 1 | |a Foltýn, Jaroslav | |